A family affair

Bibliographic Details
Main Author: Chuah, Hock Seng
Corporate Author: Title
Format: Book
Published: Selangor : Pustaka Pepada Jaya , 2001
Series:Junior novella series
Subjects:

MARC

LEADER 00000cam a2200000 7i4500
001 0000001413
005 20151222.0
008 070705
020 |a 9830221873 
090 0 0 |a JF   |b ENG (1273) 
100 0 |a Chuah, Hock Seng 
245 1 2 |a A family affair   |c Chuah Hock Seng 
260 |a Selangor :   |b Pustaka Pepada Jaya ,   |c 2001 
440 |a Junior novella series 
500 |a Children ages 7-9 years old (orange) 
650 0 |a Junior preschool   |x English   |x Languages 
710 0 |a Title 
999 |a 0000965439   |b Book   |c Children Collection   |e Perbadanan Perpustakaan Awam Johor 
999 |a 0000965440   |b Book   |c Children Collection   |e Perbadanan Perpustakaan Awam Johor 
999 |a 0000965441   |b Book   |c Children Collection   |e Perbadanan Perpustakaan Awam Johor 
999 |a 0000965442   |b Book   |c Children Collection   |e Perbadanan Perpustakaan Awam Johor